| 000 | 00416 a2200157 4500 | ||
|---|---|---|---|
| 005 | 20250522111803.0 | ||
| 020 | _a0 273 02874 X | ||
| 082 | _a658.54 LOC | ||
| 100 | _aLOCKYER, K. | ||
| 245 | _aProduction and Operations Management. | ||
| 250 | _a5th Ed | ||
| 260 |
_aNew York, _bMcGraw-Hill, _c1987. |
||
| 300 |
_axiii, 576p.: ill.; figure _bIndex _c22cm. |
||
| 700 | _aMUHLEMANN, A. & OAKLAND, J. | ||
| 942 |
_2ddc _cBKS |
||
| 999 |
_c2507 _d2507 |
||